| 000 | 00838nam a2200241 a 4500 | ||
|---|---|---|---|
| 001 | 000009130 | ||
| 003 | DO-SdBNP | ||
| 005 | 20250129121827.0 | ||
| 008 | 090928s1980 dr a r 000 p spa d | ||
| 040 |
_aDO-SdBNP _bspa _cBNPHU |
||
| 082 |
_aRD861.44 _bG261s |
||
| 100 | 1 |
_aGatón Arce, Freddy, _d1920-1994 _97946 |
|
| 245 | 1 | 0 |
_aSon guerras y amores poema de Freddy Gatón Arce / _cFreddy Gatón Arce ; prólogo Ramón Francisco. |
| 260 |
_aSanto Domingo : _bTaller, _c1980. |
||
| 300 |
_a107 p. : _bil. ; _c27 cm. |
||
| 590 | _aInventariado, 2018/BT | ||
| 600 | 1 | 0 |
_aGatón Arce, Freddy, _d1920-1994 _xCrítica e interpretación _97946 |
| 650 | 4 |
_aPoesía dominicana _966 |
|
| 650 | 0 |
_aLiteratura dominicana. _967 |
|
| 700 | 1 | 2 |
_aFrancisco, Ramón, _dpról. _923792 |
| 910 | _aValidado. Control de calidad. MMOLINA | ||
| 942 |
_2ddc _cLBS1 |
||
| 999 |
_c8894 _d8894 |
||